Municipios de Almería - Estadísticas

Estadísticas generales
  • Esta prueba ha sido intentada 2.213 veces
    2.209 desde el último reinicio
  • La puntuación promedio es 39 de 103
Respuestas en el mapa
Las respuestas están codificadas por una escala verde-roja en el mapa de la prueba según el % correcto abajo.
 
Estadísticas de respuestas
Municipio % Correcto
Almería
89%
Roquetas de Mar
89%
El Ejido
86%
Adra
76%
Mojácar
76%
Vera
74%
Níjar
71%
Huércal-Overa
69%
Huércal de Almería
66%
Vélez-Rubio
66%
Tabernas
65%
Vélez-Blanco
64%
Vícar
62%
Carboneras
61%
Albox
60%
Pulpí
59%
Garrucha
58%
Berja
57%
Abla
53%
Macael
53%
María
53%
Olula del Río
53%
Alhama de Almería
52%
Viator
52%
Enix
51%
La Mojonera
51%
Laujar de Andarax
51%
Felix
49%
Dalías
47%
Fiñana
46%
Gádor
46%
Sorbas
45%
Serón
44%
Benahadux
43%
Fondón
43%
Pechina
41%
Tíjola
41%
Cuevas del Almanzora
40%
Abrucena
39%
Balanegra
39%
Rioja
39%
Gérgal
37%
Cantoria
36%
Alboloduy
35%
Antas
35%
Los Gallardos
35%
Lucainena de las Torres
35%
Turre
35%
Purchena
34%
Alcolea
33%
Canjáyar
33%
Nacimiento
33%
Padules
32%
Bacares
31%
Taberno
31%
Tahal
31%
Zurgena
31%
Instinción
30%
Lubrín
30%
Olula de Castro
30%
Uleila del Campo
29%
Chirivel
28%
Fines
28%
Ohanes
27%
Oria
27%
Terque
27%
Arboleas
26%
Bayárcal
26%
Santa Fe de Mondújar
26%
Velefique
26%
Almócita
25%
Bédar
25%
Huécija
25%
Paterna del Río
25%
Alhabia
24%
Albanchez
23%
Alicún
23%
Chercos
23%
Íllar
23%
Senés
23%
Lúcar
22%
Rágol
22%
Alcudia de Monteagud
21%
Benizalón
21%
Líjar
21%
Sierro
21%
Somontín
21%
Bentarique
20%
Castro de Filabres
20%
Laroya
20%
Santa Cruz de Marchena
20%
Alcóntar
19%
Benitagla
19%
Suflí
19%
Alsodux
18%
Bayarque
18%
Las Tres Villas
18%
Partaloa
18%
Turrillas
18%
Urrácal
18%
Cóbdar
17%
Armuña de Almanzora
16%
Beires
16%
No se encontraron pruebas coincidentes
Distribución de puntuación
Porcentaje de gente con cada puntuación
Porcentaje por número respondido
Historial de tus puntuaciones
No has intentado esta prueba desde el último reinicio